| 000 | 00715nam a2200193Ia 4500 | ||
|---|---|---|---|
| 003 | GCL | ||
| 008 | 140319s9999 xx 000 0 ara d | ||
| 040 |
_aGCL / _cGCL |
||
| 082 | 0 | 4 |
_a813.009 _bر ر |
| 100 | 1 | _aراكز احمد | |
| 245 | 1 | 0 |
_aالرواية بين النظرية والتطبيق : او مغامرة نبيل سليمان فى المسلة / _cراكز احمد |
| 300 | _a88 ص | ||
| 490 |
_aالهيئة العامة للاستعلامات _v0 |
||
| 650 | 0 | 4 | _aالادب العربى - العصر الحديث |
| 650 | 0 | 4 | _aالقصص العربية - تاريخ ونقد |
| 650 | 0 | 4 | _aالادب العبرى - العصر الحديث |
| 650 | 0 | 4 | _aالقصص - نقد |
| 942 |
_2ddc _cBK |
||
| 999 |
_c47805 _d47805 |
||